[Event "Yangon op"]
[Site "Yangon"]
[Date "2015.11.25"]
[Round "6"]
[White "Aung Aung, Aung Myo Hlaing"]
[Black "Nay, Win Aung"]
[Result "1-0"]
[WhiteElo "2237"]
[BlackElo "2057"]
[PlyCount "66"]
[EventDate "2015.11.23"]
[EventType "swiss"]
[EventRounds "9"]
[EventCountry "MYA"]
[SourceTitle "CBM 169 Extra"]
[Source "ChessBase"]
[SourceDate "2015.12.18"]
[SourceVersion "1"]
[SourceVersionDate "2015.12.18"]
[SourceQuality "1"]

1. d4 f5 2. Nf3 Nf6 3. g3 g6 4. Bg2 Bg7 5. c4 0-0 6. 0-0 d6 7. Nc3 Qe8 8. d5 e5 9. dxe6 Qxe6 10. Nd5 Na6 11. Nd4 Qf7 12. Nb5 Ne4 13. f3 Nf6 14. Nbc3 c6 15. Ne3 f4 16. Nc2 fxg3 17. hxg3 Be6 18. Qxd6 Bxc4 19. Ne3 Be6 20. g4 Rad8 21. Qg3 Nc7 22. f4 Nfd5 23. f5 Nxc3 24. bxc3 gxf5 25. gxf5 Bd5 26. f6 Bxg2 27. Kxg2 Nd5 28. fxg7 Nxe3+ 29. Bxe3 Qd5+ 30. Kg1 Rf5 31. Rxf5 Qxf5 32. Rf1 Qe6 33. Bc5 Qf7 1-0

[Event "Yangon op"]
[Site "Yangon"]
[Date "2015.11.24"]
[Round "3"]
[White "Wynn, Zaw Htung"]
[Black "Aung Aung, Aung Myo Hlaing"]
[Result "1-0"]
[WhiteElo "2414"]
[BlackElo "2237"]
[PlyCount "147"]
[EventDate "2015.11.23"]
[EventType "swiss"]
[EventRounds "9"]
[EventCountry "MYA"]
[SourceTitle "CBM 169 Extra"]
[Source "ChessBase"]
[SourceDate "2015.12.18"]
[SourceVersion "1"]
[SourceVersionDate "2015.12.18"]
[SourceQuality "1"]

1. Nf3 Nf6 2. e3 d5 3. b3 g6 4. Bb2 Bg7 5. Be2 Bg4 6. d3 Bxf3 7. Bxf3 0-0 8. 0-0 c6 9. Nd2 Ne8 10. Bxg7 Kxg7 11. g3 Nd7 12. Bg2 e5 13. c4 dxc4 14. Nxc4 Qe7 15. Qc2 f6 16. Rfd1 Nb6 17. Na5 Rd8 18. Rac1 Nd5 19. a3 Nd6 20. b4 Nb6 21. h4 h5 22. a4 Rd7 23. Nb3 Nxa4 24. Qa2 Nb6 25. Nc5 Qf7 26. Qxf7+ Rfxf7 27. Nxd7 Rxd7 28. Rc5 a6 29. Kf1 Nb5 30. Ke1 Kf7 31. Kd2 Na4 32. Rc2 Nb6 33. Ra1 Nd5 34. Rc4 Rd6 35. f4 exf4 36. gxf4 Nbc7 37. Rb1 f5 38. Bf3 Nf6 39. Ke2 Ncd5 40. Bxd5+ Nxd5 41. Kf3 Nf6 42. Rd1 Ke7 43. Rcc1 Nd5 44. Rc4 Nf6 45. Ke2 Re6 46. Re1 Rd6 47. e4 b5 48. e5 Re6 49. Rd4 Nd5 50. Rc1 Nc7 51. Ke3 Ke8 52. Kf3 Ke7 53. Rc2 Ne8 54. Ra2 Nc7 55. Ra1 Ke8 56. Rd6 Ke7 57. Rxe6+ Kxe6 58. Rg1 Kf7 59. Rc1 Nd5 60. Rxc6 Nxb4 61. Rf6+ Kg7 62. Rd6 a5 63. Ke2 a4 64. Kd2 Na2 65. d4 b4 66. Rb6 a3 67. Kc2 Nc3 68. Rxb4 Nd5 69. Ra4 Nxf4 70. Rxa3 Kf7 71. Ra6 Ng2 72. Kd3 Nxh4 73. d5 g5 74. Ra7+ 1-0

[Event "Yangon Zaw Win Lay Memorial"]
[Site "Yangon"]
[Date "2014.11.29"]
[Round "9"]
[White "Aung Aung, Aung Myo Hlaing"]
[Black "Venkatesh, Marani Rajendran"]
[Result "0-1"]
[WhiteElo "2299"]
[BlackElo "2477"]
[PlyCount "60"]
[EventDate "2014.11.24"]
[EventType "swiss"]
[EventRounds "9"]
[EventCountry "MYA"]
[SourceTitle "EXT 2016"]
[Source "ChessBase"]
[SourceDate "2015.10.08"]
[SourceVersion "1"]
[SourceVersionDate "2015.10.08"]
[SourceQuality "1"]

1. d4 Nf6 2. Nf3 g6 3. g3 Bg7 4. Bg2 d6 5. 0-0 0-0 6. c4 Nc6 7. h3 a6 8. Nc3 Rb8 9. a4 Na5 10. b3 Bd7 11. Kh2 c5 12. Be3 Qb6 13. dxc5 dxc5 14. Rb1 Bf5 15. b4 Nxc4 16. Bxc5 Qc7 17. Rc1 b6 18. Nd5 Nxd5 19. Qxd5 Be6 20. Qd3 bxc5 21. Rxc4 Bxc4 22. Qxc4 Rxb4 23. Qxa6 c4 24. Rc1 c3 25. Ne1 Qc4 26. Qxc4 Rxc4 27. Ra1 c2 28. Rc1 Rfc8 29. Bd5 R4c5 30. Be4 Bc3 0-1

[Event "Yangon Zaw Win Lay Memorial"]
[Site "Yangon"]
[Date "2014.11.25"]
[Round "4"]
[White "Aung Aung, Aung Myo Hlaing"]
[Black "Frost, Peter"]
[Result "1/2-1/2"]
[WhiteElo "2299"]
[BlackElo "1865"]
[PlyCount "52"]
[EventDate "2014.11.24"]
[EventType "swiss"]
[EventRounds "9"]
[EventCountry "MYA"]
[SourceTitle "EXT 2016"]
[Source "ChessBase"]
[SourceDate "2015.10.08"]
[SourceVersion "1"]
[SourceVersionDate "2015.10.08"]
[SourceQuality "1"]

1. d4 Nf6 2. Bg5 e6 3. e4 h6 4. Bxf6 Qxf6 5. Nf3 g6 6. c3 Bg7 7. Bd3 0-0 8. 0-0 Qe7 9. Nbd2 d6 10. e5 Bd7 11. Qe2 Bc6 12. Be4 Bxe4 13. Qxe4 d5 14. Qf4 c5 15. Rfe1 Nc6 16. a3 cxd4 17. cxd4 a5 18. h4 a4 19. Nf1 Na5 20. N3h2 Nb3 21. Rad1 Rfc8 22. Re2 Rc4 23. Ng4 Kh7 24. Nf6+ Kh8 25. Ng4 Kh7 26. Nf6+ Kh8 1/2-1/2

[Event "Yangon Zaw Win Lay Memorial"]
[Site "Yangon"]
[Date "2014.11.25"]
[Round "3"]
[White "Nguyen, Duc Hoa"]
[Black "Aung Aung, Aung Myo Hlaing"]
[Result "1-0"]
[WhiteElo "2507"]
[BlackElo "2299"]
[PlyCount "85"]
[EventDate "2014.11.24"]
[EventType "swiss"]
[EventRounds "9"]
[EventCountry "MYA"]
[SourceTitle "EXT 2016"]
[Source "ChessBase"]
[SourceDate "2015.10.08"]
[SourceVersion "1"]
[SourceVersionDate "2015.10.08"]
[SourceQuality "1"]

1. d4 e6 2. c4 f5 3. Nf3 Nf6 4. g3 Be7 5. Bg2 0-0 6. 0-0 d6 7. Nc3 Qe8 8. Qc2 Qh5 9. e4 Nxe4 10. Nxe4 fxe4 11. Qxe4 Nc6 12. d5 exd5 13. cxd5 Ne5 14. Nd4 Rf7 15. f4 Ng4 16. h3 Nf6 17. Qe2 Qxe2 18. Nxe2 Bf5 19. Re1 Be4 20. Nc3 Bxg2 21. Kxg2 a6 22. Be3 c5 23. dxc6 bxc6 24. Rac1 Rc8 25. Re2 c5 26. Rd1 Bf8 27. Bf2 Re7 28. Rxe7 Bxe7 29. g4 Rb8 30. b3 Bf8 31. Kf3 Nd7 32. Ne4 Rb6 33. Bg3 Nb8 34. Ke3 Nc6 35. Nxd6 Nb4 36. Nc4 Re6+ 37. Kf3 Nxa2 38. Rd8 Kf7 39. f5 Rh6 40. g5 Rxh3 41. Ne5+ Ke7 42. Rd7+ Ke8 43. f6 1-0

[Event "Nay Pyi Taw"]
[Site "Nay Pyi Taw"]
[Date "2013.08.04"]
[Round "9"]
[White "Majella, Yoseph Rudijanto"]
[Black "Aung Aung, Aung Myo Hlaing"]
[Result "1-0"]
[WhiteElo "2276"]
[BlackElo "2324"]
[PlyCount "85"]
[EventDate "2013.07.31"]
[EventType "tourn"]
[EventRounds "9"]
[EventCountry "MAS"]
[EventCategory "1"]
[SourceTitle "EXT 2014"]
[Source "ChessBase"]
[SourceDate "2013.11.20"]
[SourceVersion "1"]
[SourceVersionDate "2013.11.20"]
[SourceQuality "1"]

1. e4 d5 2. exd5 Qxd5 3. Nc3 Qd6 4. d3 Nf6 5. h3 a6 6. Nge2 b5 7. Bf4 e5 8. Bh2 Nbd7 9. Ng3 Bb7 10. Qe2 0-0-0 11. 0-0-0 Qb6 12. Kb1 b4 13. Nce4 Nd5 14. Ka1 f6 15. Nf5 a5 16. Ne3 Nxe3 17. fxe3 Qe6 18. Nd2 Nb6 19. e4 a4 20. Bg1 c5 21. Be3 Be7 22. g4 Kb8 23. h4 h6 24. Bh3 Qc6 25. Rdg1 Bc8 26. g5 Bxh3 27. gxf6 gxf6 28. Rxh3 h5 29. Rg7 Qe6 30. Rhg3 Rc8 31. Qf2 Rc7 32. Qg1 Kb7 33. Rf3 a3 34. b3 Nc8 35. Rfg3 Nb6 36. Kb1 Nc8 37. Nc4 Na7 38. Bxc5 Nb5 39. Rxe7 Rxe7 40. Bxe7 Nc3+ 41. Ka1 Ne2 42. Qc5 Nxg3 43. Nd6+ 1-0

[Event "Yangon Campomanes Memorial"]
[Site "Yangon"]
[Date "2011.09.29"]
[Round "13"]
[White "Aung Aung, Aung Myo Hlaing"]
[Black "Goh, Wei Ming Kevin"]
[Result "0-1"]
[WhiteElo "2333"]
[BlackElo "2449"]
[PlyCount "64"]
[EventDate "2011.09.22"]
[EventType "tourn"]
[EventRounds "13"]
[EventCountry "MYA"]
[EventCategory "5"]
[SourceTitle "EXT 2012"]
[Source "ChessBase"]
[SourceDate "2011.11.24"]
[SourceVersion "1"]
[SourceVersionDate "2011.11.24"]
[SourceQuality "1"]

1. Nf3 d5 2. g3 Nf6 3. Bg2 Bf5 4. d3 e6 5. 0-0 h6 6. c4 Nbd7 7. b3 a5 8. Nc3 c6 9. cxd5 exd5 10. Bb2 Be7 11. e4 Bg4 12. exd5 cxd5 13. d4 0-0 14. Qd3 Nb6 15. Ne5 Bd7 16. a4 Bc6 17. Rac1 Nc8 18. Ne2 Qb6 19. Rc2 Bd6 20. Bc1 Ne7 21. Bf4 Rfd8 22. Nxc6 bxc6 23. Bxd6 Rxd6 24. Rb1 Rb8 25. Nf4 Qa7 26. Rd2 g6 27. f3 Rb4 28. Bh3 Rd8 29. Ne2 Rdb8 30. Nc1 Kg7 31. Rbb2 c5 32. dxc5 Qxc5+ 0-1

[Event "Yangon Campomanes Memorial"]
[Site "Yangon"]
[Date "2011.09.26"]
[Round "8"]
[White "Htun, Lynn Kyaw"]
[Black "Aung Aung, Aung Myo Hlaing"]
[Result "1/2-1/2"]
[WhiteElo "2321"]
[BlackElo "2333"]
[PlyCount "47"]
[EventDate "2011.09.22"]
[EventType "tourn"]
[EventRounds "13"]
[EventCountry "MYA"]
[EventCategory "5"]
[SourceTitle "EXT 2012"]
[Source "ChessBase"]
[SourceDate "2011.11.24"]
[SourceVersion "1"]
[SourceVersionDate "2011.11.24"]
[SourceQuality "1"]

1. e4 e5 2. Nf3 Nc6 3. Bb5 a6 4. Ba4 Nf6 5. 0-0 b5 6. Bb3 Be7 7. Re1 0-0 8. c3 d6 9. h3 Re8 10. Ng5 Rf8 11. Nf3 Re8 12. d4 Bb7 13. Bc2 Bf8 14. Nbd2 Nb8 15. a4 Nbd7 16. dxe5 Nxe5 17. b3 h6 18. Bb2 c5 19. axb5 axb5 20. Rxa8 Bxa8 21. Nxe5 dxe5 22. c4 b4 23. Qe2 Qc7 24. Nf3 1/2-1/2

[Event "Yangon Campomanes Memorial"]
[Site "Yangon"]
[Date "2011.09.25"]
[Round "7"]
[White "Aung Aung, Aung Myo Hlaing"]
[Black "Nguyen, Van Hai"]
[Result "1/2-1/2"]
[WhiteElo "2333"]
[BlackElo "2240"]
[PlyCount "74"]
[EventDate "2011.09.22"]
[EventType "tourn"]
[EventRounds "13"]
[EventCountry "MYA"]
[EventCategory "5"]
[SourceTitle "EXT 2012"]
[Source "ChessBase"]
[SourceDate "2011.11.24"]
[SourceVersion "1"]
[SourceVersionDate "2011.11.24"]
[SourceQuality "1"]

1. e4 e6 2. d3 d5 3. Nd2 c5 4. g3 Nc6 5. Bg2 g6 6. Ngf3 Bg7 7. 0-0 Nge7 8. Re1 0-0 9. h4 b5 10. e5 Qc7 11. Qe2 a5 12. Nf1 b4 13. Bf4 Ba6 14. Qd2 Nf5 15. N1h2 a4 16. Ng4 Kh8 17. Nf6 Nfd4 18. Nxd4 Nxd4 19. c3 Nc6 20. Rac1 Qb6 21. Nd7 Qb7 22. Nxf8 Rxf8 23. Bh6 Rc8 24. Bxg7+ Kxg7 25. a3 bxa3 26. bxa3 Na5 27. Rcd1 Qe7 28. Bf1 Rb8 29. Rb1 Nb3 30. Qf4 Bb5 31. Be2 h5 32. Red1 Rc8 33. Qg5 Qxg5 34. hxg5 Ba6 35. Rb2 Kf8 36. Rdb1 Ke7 37. Kg2 Bb7 1/2-1/2

[Event "Yangon Campomanes Memorial"]
[Site "Yangon"]
[Date "2011.09.23"]
[Round "3"]
[White "Aung Aung, Aung Myo Hlaing"]
[Black "Nguyen, Anh Dung"]
[Result "1/2-1/2"]
[WhiteElo "2333"]
[BlackElo "2479"]
[PlyCount "130"]
[EventDate "2011.09.22"]
[EventType "tourn"]
[EventRounds "13"]
[EventCountry "MYA"]
[EventCategory "5"]
[SourceTitle "EXT 2012"]
[Source "ChessBase"]
[SourceDate "2011.11.24"]
[SourceVersion "1"]
[SourceVersionDate "2011.11.24"]
[SourceQuality "1"]

1. c4 e5 2. Nc3 Nf6 3. g3 Bb4 4. Bg2 0-0 5. Nf3 Re8 6. 0-0 Nc6 7. d3 Bxc3 8. bxc3 e4 9. Nd4 h6 10. Nc2 d6 11. Ne3 Bd7 12. f3 exd3 13. exd3 Qc8 14. Rb1 Rb8 15. Rb2 Ne5 16. d4 Ng6 17. Re1 Bh3 18. Rbe2 Bxg2 19. Kxg2 Qd7 20. Qb3 Re7 21. Qb1 b6 22. Nf5 Rxe2+ 23. Rxe2 Re8 24. Rxe8+ Qxe8 25. Ne3 Ne7 26. Qb5 c6 27. Qa4 Qd7 28. Qc2 Qe6 29. Qd3 d5 30. cxd5 Nexd5 31. c4 Nxe3+ 32. Bxe3 Qd7 33. Bd2 b5 34. cxb5 cxb5 35. Bb4 Nd5 36. a3 a6 37. Qe4 Qc6 38. h4 h5 39. Bc5 Qe6 40. Qxe6 fxe6 41. Kf2 Kf7 42. Ke2 Kg6 43. Kd3 Kf5 44. Bf8 g6 45. Bb4 Nb6 46. Bc5 Nd7 47. Bd6 a5 48. Bc7 a4 49. Ba5 Nf6 50. Bb4 Nd5 51. Bd2 Nb6 52. Bb4 Nd5 53. Bd2 Kf6 54. Be1 Ke7 55. Bd2 Kd6 56. Be1 Kc6 57. Bd2 Ne7 58. Ke4 Nf5 59. Be1 Kd7 60. g4 Nd6+ 61. Kf4 Nf7 62. Bb4 Kc6 63. Ke4 Kd7 64. Kf4 Kc6 65. Ke4 Kd7 1/2-1/2

[Event "Thailand op 11th"]
[Site "Pattaya"]
[Date "2011.04.13"]
[Round "4"]
[White "Sriram, Jha"]
[Black "Aung Aung, Aung Myo Hlaing"]
[Result "1/2-1/2"]
[WhiteElo "2442"]
[BlackElo "2324"]
[PlyCount "57"]
[EventDate "2011.04.11"]
[EventType "swiss"]
[EventRounds "9"]
[EventCountry "THA"]
[SourceTitle "CBM 141 Extra"]
[Source "ChessBase"]
[SourceDate "2011.05.03"]
[SourceVersion "1"]
[SourceVersionDate "2011.05.03"]
[SourceQuality "1"]

1. d4 d6 2. c4 e5 3. Nf3 Nd7 4. Nc3 Ngf6 5. g3 g6 6. Bg2 Bg7 7. 0-0 0-0 8. h3 Re8 9. e4 c6 10. Re1 a5 11. Be3 exd4 12. Nxd4 Nc5 13. Qc2 a4 14. Rad1 Qa5 15. Bf4 Bf8 16. Nf3 Be6 17. Bf1 Rad8 18. Bd2 Qa8 19. b4 axb3 20. axb3 h6 21. Nd4 Bg7 22. Nxe6 Nxe6 23. Be3 Qa5 24. Ra1 Qh5 25. Ra7 Rd7 26. f4 Qf3 27. Qg2 Qxg2+ 28. Kxg2 Nh5 29. Na4 1/2-1/2

[Event "Thailand op 11th"]
[Site "Pattaya"]
[Date "2011.04.12"]
[Round "3"]
[White "Aung Aung, Aung Myo Hlaing"]
[Black "Stokke, Kjetil"]
[Result "1/2-1/2"]
[WhiteElo "2324"]
[BlackElo "2407"]
[PlyCount "102"]
[EventDate "2011.04.11"]
[EventType "swiss"]
[EventRounds "9"]
[EventCountry "THA"]
[SourceTitle "CBM 141 Extra"]
[Source "ChessBase"]
[SourceDate "2011.05.03"]
[SourceVersion "1"]
[SourceVersionDate "2011.05.03"]
[SourceQuality "1"]

1. Nf3 g6 2. d4 Nf6 3. g3 Bg7 4. Bg2 0-0 5. 0-0 d6 6. b3 c5 7. Bb2 cxd4 8. Nxd4 d5 9. Nf3 Nc6 10. Nbd2 Bf5 11. e3 Rc8 12. Rc1 Qa5 13. a3 Ne4 14. Bxg7 Kxg7 15. Nb1 Rfd8 16. Nd4 Nxd4 17. exd4 Nc3 18. Qe1 Kf8 19. h3 Qc7 20. g4 Nxb1 21. gxf5 Nxa3 22. fxg6 hxg6 23. Qd2 Qc3 24. Qh6+ Kg8 25. Rfd1 Nxc2 26. Qg5 Qb4 27. Bxd5 Qb6 28. Bc4 Nxd4 29. Qxe7 Ne6 30. Rxd8+ Qxd8 31. Qxd8+ Rxd8 32. Bxe6 fxe6 33. Rc7 b5 34. Rxa7 Rd3 35. b4 Rxh3 36. Rb7 Rh5 37. Kg2 Rf5 38. Kg3 g5 39. Re7 Re5 40. f4 gxf4+ 41. Kxf4 Kf8 42. Rb7 Rh5 43. Ke3 Ke8 44. Kd4 Kd8 45. Rg7 Rd5+ 46. Ke4 Kc8 47. Re7 Rd6 48. Ke5 Rc6 49. Rxe6 Rc4 50. Kd5 Kc7 51. Re7+ Kb6 1/2-1/2

[Event "Thailand op 11th"]
[Site "Pattaya"]
[Date "2011.04.12"]
[Round "2"]
[White "Karma, Pandya"]
[Black "Aung Aung, Aung Myo Hlaing"]
[Result "0-1"]
[WhiteElo "2133"]
[BlackElo "2324"]
[PlyCount "76"]
[EventDate "2011.04.11"]
[EventType "swiss"]
[EventRounds "9"]
[EventCountry "THA"]
[SourceTitle "CBM 141 Extra"]
[Source "ChessBase"]
[SourceDate "2011.05.03"]
[SourceVersion "1"]
[SourceVersionDate "2011.05.03"]
[SourceQuality "1"]

1. e4 e5 2. Nf3 d6 3. d4 Nd7 4. Bc4 c6 5. c3 b5 6. Bb3 Be7 7. 0-0 Ngf6 8. dxe5 Nxe5 9. Nxe5 dxe5 10. Qe2 0-0 11. a4 b4 12. a5 Nd7 13. Be3 Nc5 14. Bxc5 Bxc5 15. Nd2 Rb8 16. Ba4 bxc3 17. bxc3 Rb2 18. Rfd1 Qxa5 19. Bxc6 Qxc3 20. Bd5 Be6 21. Kh1 Bb4 22. Bxe6 fxe6 23. Rxa7 Rxd2 24. Rxd2 Qxd2 25. Qxd2 Bxd2 26. f3 Rb8 27. g3 Kf8 28. Kg2 Rb2 29. Kh3 Be3 30. Ra3 Bg1 31. Kg4 Bxh2 32. Ra5 Kf7 33. Rxe5 Rg2 34. Kh3 Bxg3 35. Rg5 Rg1 36. f4 Bf2 37. Rb5 Rg3+ 38. Kh2 Rg4 0-1

[Event "Singapore U20-Myanmar 2nd"]
[Site "Singapore"]
[Date "2008.05.03"]
[Round "11"]
[White "Aung Aung, Aung Myo Hlaing"]
[Black "Chan, Wei Xuan Timothy"]
[Result "1/2-1/2"]
[WhiteElo "2491"]
[BlackElo "2175"]
[PlyCount "115"]
[EventDate "2008.04.19"]
[EventType "schev"]
[EventRounds "12"]
[EventCountry "SIN"]
[SourceTitle "EXT 2022"]
[Source "ChessBase"]
[SourceDate "2021.10.06"]
[SourceVersion "1"]
[SourceVersionDate "2021.10.06"]
[SourceQuality "1"]
[WhiteTeam "Myanmar"]
[BlackTeam "Singapore (U20)"]
[WhiteTeamCountry "MYA"]
[BlackTeamCountry "SIN"]

1. f4 d5 2. Nf3 Nc6 3. e3 Bg4 4. Bb5 Qd6 5. 0-0 Nh6 6. b3 0-0-0 7. h3 Bxf3 8. Qxf3 a6 9. Bxc6 Qxc6 10. c4 Qf6 11. Nc3 d4 12. Ne4 Qb6 13. Bb2 dxe3 14. dxe3 Nf5 15. Rfe1 e6 16. Ng5 Rd2 17. Bc1 Rd7 18. g4 Bb4 19. Rf1 Nh4 20. Qf2 Ng6 21. a3 Be7 22. Nf3 Nxf4 23. Qh2 Ng6 24. b4 f5 25. c5 Qc6 26. gxf5 exf5 27. Bb2 Qe4 28. Rae1 Rhd8 29. Bd4 Bf6 30. a4 Nh4 31. Nxh4 Bxd4 32. Nxf5 Bc3 33. Rc1 Rd2 34. Qg3 Be5 35. Qf3 Qxf3 36. Rxf3 Bf6 37. b5 axb5 38. axb5 Rb2 39. b6 cxb6 40. Nd6+ Kb8 41. Nc4 Rb3 42. Nxb6 Rdd3 43. Kf2 Bh4+ 44. Ke2 Rxe3+ 45. Rxe3 Rxe3+ 46. Kxe3 Bg5+ 47. Kd4 Bxc1 48. Kd5 Kc7 49. Nc4 Bf4 50. Na3 g5 51. Nb5+ Kd7 52. Nd4 h5 53. c6+ bxc6+ 54. Nxc6 Ke8 55. Ke4 Kf7 56. h4 Kg6 57. hxg5 Kxg5 58. Kf3 1/2-1/2

[Event "Singapore U20-Myanmar 2nd"]
[Site "Singapore"]
[Date "2008.04.19"]
[Round "1"]
[White "Koh, Jonathan"]
[Black "Aung Aung, Aung Myo Hlaing"]
[Result "0-1"]
[WhiteElo "2076"]
[BlackElo "2491"]
[PlyCount "122"]
[EventDate "2008.04.19"]
[EventType "schev"]
[EventRounds "12"]
[EventCountry "SIN"]
[SourceTitle "EXT 2022"]
[Source "ChessBase"]
[SourceDate "2021.10.06"]
[SourceVersion "1"]
[SourceVersionDate "2021.10.06"]
[SourceQuality "1"]
[WhiteTeam "Singapore (U20)"]
[BlackTeam "Myanmar"]
[WhiteTeamCountry "SIN"]
[BlackTeamCountry "MYA"]

1. d4 e6 2. Nf3 f5 3. c4 Nf6 4. Nc3 b6 5. e3 Bb7 6. Bd3 Bb4 7. Bd2 0-0 8. h3 Qe8 9. g4 Bxc3 10. Bxc3 Ne4 11. Bxe4 Bxe4 12. Rg1 f4 13. Nd2 Qg6 14. f3 Bc2 15. Qe2 fxe3 16. Qxe3 Nc6 17. Kf2 d5 18. Rae1 Rae8 19. Kg2 Qf6 20. Rgf1 Bg6 21. f4 Qd8 22. b3 a5 23. Kg3 Qd6 24. Nf3 h6 25. Rf2 Be4 26. Ne5 Nxe5 27. fxe5 Qc6 28. Ref1 dxc4 29. b4 Rxf2 30. Qxf2 axb4 31. Qf7+ Kh7 32. Bxb4 Bg6 33. Qf4 c3 34. h4 c2 35. h5 Bd3 36. Re1 Qc4 37. Bd2 Kg8 38. g5 Rf8 39. Qh4 Qd5 40. Qg4 hxg5 41. Bxg5 Bf1 42. Qe4 Qxe4 43. Rxe4 Rf5 44. Bc1 Rxh5 45. Kf2 Bc4 46. a3 Rh1 47. Re1 Rxe1 48. Kxe1 Kf7 49. Kd2 Bb3 50. Ke3 Kg6 51. Kf4 Kh5 52. Bd2 g5+ 53. Kg3 Bc4 54. Bc1 c6 55. Bd2 Kg6 56. Kf3 Kf5 57. Bc1 Bd5+ 58. Ke3 g4 59. Kf2 Ke4 60. Bb2 Kd3 61. Bc1 g3+ 0-1

[Event "ASEAN GM 3rd"]
[Site "Bangkok"]
[Date "2004.08.05"]
[Round "9"]
[White "Aung Aung, Aung Myo Hlaing"]
[Black "Myo, Naing"]
[Result "0-1"]
[WhiteElo "2498"]
[BlackElo "2477"]
[PlyCount "62"]
[EventDate "2004.07.30"]
[EventType "tourn"]
[EventRounds "10"]
[EventCountry "THA"]
[EventCategory "11"]
[SourceTitle "CBM 103"]
[Source "ChessBase"]
[SourceDate "2004.11.11"]
[SourceVersion "1"]
[SourceVersionDate "2004.11.11"]
[SourceQuality "1"]

1. e4 c5 2. Nf3 d6 3. d4 cxd4 4. Nxd4 Nf6 5. Nc3 g6 6. Be3 Bg7 7. f3 0-0 8. Qd2 Nc6 9. Bc4 Bd7 10. 0-0-0 Rb8 11. Kb1 b5 12. Nxc6 Bxc6 13. Bd5 b4 14. Ne2 Bxd5 15. exd5 Rb5 16. c4 bxc3 17. Nxc3 Rb7 18. Bh6 Bxh6 19. Qxh6 Qa5 20. Qc1 Rc8 21. Ka1 Nd7 22. Rhe1 Nb6 23. Rd3 Na4 24. Re2 Nc5 25. Qc2 Nxd3 26. Qxd3 Qc5 27. Re1 Qf2 28. Qe2 Qxe2 29. Rxe2 Kg7 30. a3 Kf6 31. g4 h6 0-1

[Event "ASEAN GM 3rd"]
[Site "Bangkok"]
[Date "2004.08.04"]
[Round "8"]
[White "Dao, Thien Hai"]
[Black "Aung Aung, Aung Myo Hlaing"]
[Result "1-0"]
[WhiteElo "2583"]
[BlackElo "2498"]
[PlyCount "35"]
[EventDate "2004.07.30"]
[EventType "tourn"]
[EventRounds "10"]
[EventCountry "THA"]
[EventCategory "11"]
[SourceTitle "CBM 103"]
[Source "ChessBase"]
[SourceDate "2004.11.11"]
[SourceVersion "1"]
[SourceVersionDate "2004.11.11"]
[SourceQuality "1"]

1. d4 Nf6 2. c4 e6 3. Nc3 Bb4 4. e3 b6 5. Nge2 Bb7 6. a3 Bxc3+ 7. Nxc3 0-0 8. f3 d6 9. Bd3 Nbd7 10. 0-0 Qe7 11. b4 c5 12. Bb2 Rac8 13. Rc1 h6 14. Re1 cxd4 15. exd4 e5 16. Nb5 a6 17. Nxd6 Qxd6 18. dxe5 1-0

[Event "ASEAN GM 3rd"]
[Site "Bangkok"]
[Date "2004.07.31"]
[Round "2"]
[White "Myo, Naing"]
[Black "Aung Aung, Aung Myo Hlaing"]
[Result "1-0"]
[WhiteElo "2477"]
[BlackElo "2498"]
[PlyCount "75"]
[EventDate "2004.07.30"]
[EventType "tourn"]
[EventRounds "10"]
[EventCountry "THA"]
[EventCategory "11"]
[SourceTitle "CBM 103"]
[Source "ChessBase"]
[SourceDate "2004.11.11"]
[SourceVersion "1"]
[SourceVersionDate "2004.11.11"]
[SourceQuality "1"]

1. d4 d5 2. c4 dxc4 3. e4 Nf6 4. e5 Nd5 5. Bxc4 Nb6 6. Bd3 Nc6 7. Ne2 Bg4 8. f3 Be6 9. Nbc3 Bd5 10. Nxd5 Qxd5 11. Be4 Qd7 12. e6 fxe6 13. Bxc6 Qxc6 14. Bf4 Nd5 15. Rc1 Qb6 16. Be5 Rg8 17. Nc3 c6 18. Qe2 g5 19. 0-0 Rg6 20. Kh1 Nf4 21. Qc2 Bg7 22. Na4 Qb5 23. Bxg7 Rxg7 24. Nc5 Rg6 25. Rfe1 b6 26. a4 Qb4 27. Nxe6 Qd6 28. Nxf4 gxf4 29. Re4 0-0-0 30. Rce1 Rd7 31. h3 Kb7 32. Qc4 Rg5 33. Re6 Qd5 34. Qc3 Rg7 35. a5 Qxd4 36. Qxc6+ Kb8 37. axb6 axb6 38. Ra1 1-0

[Event "ASEAN GM 2nd"]
[Site "Bangkok"]
[Date "2004.07.28"]
[Round "10"]
[White "Aung Aung, Aung Myo Hlaing"]
[Black "Yu, Shaoteng"]
[Result "1/2-1/2"]
[WhiteElo "2498"]
[BlackElo "2476"]
[PlyCount "77"]
[EventDate "2004.07.22"]
[EventType "tourn"]
[EventRounds "10"]
[EventCountry "THA"]
[EventCategory "12"]
[SourceTitle "CBM 103"]
[Source "ChessBase"]
[SourceDate "2004.11.11"]
[SourceVersion "1"]
[SourceVersionDate "2004.11.11"]
[SourceQuality "1"]

1. g3 d5 2. Nf3 Nf6 3. Bg2 e6 4. 0-0 Be7 5. d3 0-0 6. Nbd2 c5 7. e4 Nc6 8. Re1 b5 9. e5 Nd7 10. Nf1 a5 11. h4 b4 12. Bf4 Ba6 13. h5 a4 14. a3 Bb5 15. c3 Na5 16. Ne3 Nb3 17. Rb1 bxc3 18. bxc3 d4 19. cxd4 cxd4 20. Nc2 Bc6 21. Ncxd4 Nxd4 22. Nxd4 Bxg2 23. Kxg2 Bxa3 24. h6 g6 25. Nc6 Qc7 26. Qf3 Rfc8 27. Rec1 Nc5 28. Rc3 Nb3 29. Bg5 Qd7 30. Qf6 Bf8 31. Ne7+ Qxe7 32. Qxe7 Bxe7 33. Rxc8+ Rxc8 34. Bxe7 Rc7 35. Bd6 Rc6 36. Rb2 Rc1 37. Ra2 Ra1 38. Rc2 Rc1 39. Ra2 1/2-1/2

[Event "ASEAN GM 2nd"]
[Site "Bangkok"]
[Date "2004.07.26"]
[Round "7"]
[White "Aung Aung, Aung Myo Hlaing"]
[Black "Nay, Oo Kyaw Tun"]
[Result "0-1"]
[WhiteElo "2498"]
[BlackElo "2504"]
[PlyCount "64"]
[EventDate "2004.07.22"]
[EventType "tourn"]
[EventRounds "10"]
[EventCountry "THA"]
[EventCategory "12"]
[SourceTitle "CBM 103"]
[Source "ChessBase"]
[SourceDate "2004.11.11"]
[SourceVersion "1"]
[SourceVersionDate "2004.11.11"]
[SourceQuality "1"]

1. d4 f5 2. c4 e6 3. Nf3 Nf6 4. g3 d5 5. Bg2 c6 6. 0-0 Bd6 7. Nbd2 0-0 8. b3 Nbd7 9. Bb2 b6 10. Ne5 Bb7 11. e3 Qe7 12. Qe2 Rac8 13. a4 a5 14. Rfc1 Ne4 15. f4 Nxe5 16. fxe5 Bb4 17. Nxe4 fxe4 18. Rf1 Ba6 19. Bh3 Rxf1+ 20. Rxf1 Rf8 21. Rf4 Rxf4 22. exf4 g6 23. Qc2 c5 24. cxd5 exd5 25. Bc3 Bd3 26. Qc1 Kg7 27. Bf1 c4 28. bxc4 dxc4 29. Bxd3 cxd3 30. Bxb4 axb4 31. Kf2 Qf7 32. Qb2 Qc4 0-1